| 000 | 00350nam a2200145Ia 4500 | ||
|---|---|---|---|
| 008 | 230312s9999||||xx |||||||||||||| ||und|| | ||
| 020 | _a1-118-32408-0 | ||
| 082 |
_a004.165 _bTRO-C |
||
| 100 | _aBocharova;Irina | ||
| 245 | 0 | _aCompression for Mutimedia | |
| 260 |
_bWiley _aUSA _c2012 |
||
| 300 | _a486 | ||
| 650 |
_aComputer _vComputer |
||
| 942 | _cBK | ||
| 999 |
_c15244 _d15244 |
||